000 00874nam a22002411u 4500
001 05918
003 HDC
007 cr bn ---
008 p n 10 eng
040 _aHDC
245 2 _aA PILOT STUDY ON THE AWARENESS OF MUSLIMS COMMUNITY IN CHOOSING HALAL COSMETICS AND PERSONAL CARE PRODUCTS /
_cby Siti Hajar Anaziah Muhamad
260 _a[No place] :
_b[publisher not identified],
_c2013
300 _a6 pages
336 _atext
_2rdacontent
337 _acomputer
_2rdamedia
338 _aonline resource
_2rdacarrier
650 _aCosmetics
_xReligious aspects
_xIslam
_9705
650 _aMuslims
_9247
856 _zRequest full-text at [email protected]
942 _2lcc
942 _cCONP
942 _kCONF 000006
999 _c3242
_d3242